La seismologia en Filipinas (Record no. 259)

MARC details
000 -LEADER
fixed length control field 00613nam a2200181Ia 4500
003 - CONTROL NUMBER IDENTIFIER
control field IN-BaIIA
008 - FIXED-LENGTH DATA ELEMENTS--GENERAL INFORMATION
fixed length control field 211028s9999 xx 000 0 eng d
040 ## - CATALOGING SOURCE
Transcribing agency IIA Library
080 ## - UNIVERSAL DECIMAL CLASSIFICATION NUMBER
Universal Decimal Classification number 550.34
Item number MAS
100 ## - MAIN ENTRY--PERSONAL NAME
Personal name Maso, Miguel Saderra
9 (RLIN) 487
245 #0 - TITLE STATEMENT
Title La seismologia en Filipinas
Remainder of title datos para el estudio de terremotos del archipielago Filipino
Statement of responsibility, etc. Miguel Saderra Maso
260 ## - PUBLICATION, DISTRIBUTION, ETC.
Place of publication, distribution, etc. Manila
Name of publisher, distributor, etc. Estab. tip.-litog. de Ramirez y compania
Date of publication, distribution, etc. 1895
300 ## - PHYSICAL DESCRIPTION
Extent 122p.
490 ## - SERIES STATEMENT
Series statement Bulletin of the national research council; no.90
650 ## - SUBJECT ADDED ENTRY--TOPICAL TERM
Topical term or geographic name entry element Astronomy and Astrophysics Thesaurus
650 ## - SUBJECT ADDED ENTRY--TOPICAL TERM
Topical term or geographic name entry element Seismology
9 (RLIN) 488
942 ## - ADDED ENTRY ELEMENTS (KOHA)
Koha item type Books
Holdings
Withdrawn status Lost status Damaged status Not for loan Home library Current library Shelving location Date acquired Total Checkouts Full call number Barcode Date last seen Price effective from Koha item type
        IIA Library-Bangalore IIA Library-Kodaikanal General Stacks     550.34/ MAS 233 05/11/2021   Books

Powered by Koha